. عصا الحكيم (Record no. 15763)
[ view plain ]
| 000 -LEADER | |
|---|---|
| fixed length control field | 00666nam a2200205 4500 |
| 008 - FIXED-LENGTH DATA ELEMENTS--GENERAL INFORMATION | |
| fixed length control field | b xx# ara u |
| 010 ## - LIBRARY OF CONGRESS CONTROL NUMBER | |
| LC control number | 7170 |
| 040 ## - CATALOGING SOURCE | |
| Original cataloging agency | LB-BrCRDP |
| 082 ## - DEWEY DECIMAL CLASSIFICATION NUMBER | |
| Classification number | F 892.73/H155as |
| 100 1# - MAIN ENTRY--PERSONAL NAME | |
| Personal name | . الحكيم، توفيق يوسف |
| 130 1# - MAIN ENTRY--UNIFORM TITLE | |
| Language of a work | AR |
| 245 10 - TITLE STATEMENT | |
| Title | . عصا الحكيم |
| Statement of responsibility, etc. | توفيق يوسف الحكيم |
| 250 ## - EDITION STATEMENT | |
| Edition statement | الطبعة الاولى |
| 260 ## - PUBLICATION, DISTRIBUTION, ETC. | |
| Place of publication, distribution, etc. | بيروت |
| Name of publisher, distributor, etc. | دار الكتاب اللبناني |
| Date of publication, distribution, etc. | 1974 |
| 300 ## - PHYSICAL DESCRIPTION | |
| Extent | 213 ص. ؛ |
| Dimensions | 20 سم. |
| 490 0# - SERIES STATEMENT | |
| Series statement | مكتبة توفيق الحكيم الشعبية ؛ 25 |
| 650 ## - SUBJECT ADDED ENTRY--TOPICAL TERM | |
| Topical term or geographic name entry element | القصة العربية |
| 942 ## - ADDED ENTRY ELEMENTS (KOHA) | |
| Koha item type | Books |
| Withdrawn status | Lost status | Source of classification or shelving scheme | Damaged status | Not for loan | Home library | Current library | Shelving location | Date acquired | Total Checkouts | Full call number | Barcode | Date last seen | Copy number | Price effective from | Koha item type |
|---|---|---|---|---|---|---|---|---|---|---|---|---|---|---|---|
| Dewey Decimal Classification | مكتبة المطبعة - سن الفيل | مكتبة المطبعة - سن الفيل | Salle de Lecture | 07/28/2016 | F/892.73 H155as | CRF013551 | 07/28/2016 | 1 | 07/28/2016 | Books |